00760nam a22002292a 450000100060000000300080000600500170001400800410003103500190007204000320009104100080012308200290013124500540016025000140021426000420022830000200027060000370029070000290032794200120035699900170036895201450038523630Bd-RjUL20211209000943.0140311s1970 ii b 000 0beng d a(Bd-RjUL)23695 aDLCcDLCdEQOdBd-RjULbeng aeng00a954.040924219bZAK 1971 0a Zakir Husain a study /cedited by B.K. Ahluwalia a[1st ed.] aNew Delhi :bSterling pub. Ltd,c1971 a1257p. ;c23 cm10aHusain, Zakir,d1897-19699735951 a Ahluwalia, B.K.972730 2ddccBK c23630d23630 00102ddc40728NFICaRUCLbRUCLcReadingd1974-04-22eBook Centreg18.75l0o954.040924 ZAK 1971r2014-03-11 00:00:00tC-1w2021-12-09yBK